Mangas prépubliés dans le Weekly Shōnen Jump en 2025 - Statistiques

Statistiques générales
  • Ce quiz a été pris 29 fois
  • Le résultat moyen est 5 sur 22
Statistiques - réponses
Auteur(s) Début dans le Jump Nom du manga % Correct
Eiichirō Oda 22 juillet 1997 One Piece
96%
Yoshihiro Togashi 16 mars 1998 Hunter x Hunter
77%
Yūto Suzuki 21 novembre 2020 Sakamoto Days
35%
Miura Kouji 12 avril 2021 Blue Box
31%
Takeru Hokazono 19 septembre 2023 Kagurabachi
23%
Yusei Matsui 25 janvier 2021 The Elusive Samurai
23%
Shūhei Miyazaki 6 juillet 2020 Me & Roboco
19%
Yoshifumi Tozuka 20 janvier 2020 Undead Unluck
19%
Kenta Shinohara 25 janvier 2021 Witch Watch
19%
Ken Wakui 15 avril 2024 Astro Royale
15%
Yūki Suenaga & Takamasa Moue 14 février 2022 Akane-banashi
12%
Genki Ono 8 juillet 2024 Hima-Ten!
12%
Nishi Osamu & Shiro Usazaki 9 septembre 2024 Ichi the Witch
12%
Tadatoshi Fujimaki 17 avril 2023 Kill Blue
12%
Hitsuji Gondaira 26 août 2019 Mission: Yozakura Family
12%
Kawae Kouta 15 mai 2023 Nue's Exorcist
12%
Masaoki Shindou 13 juin 2022 Ruri Dragon
12%
Ippon Takegushi & Santa Mitarashi 16 septembre 2024 Shinobi Undercover
12%
Kouki Ishikawa 23 septembre 2024 Hakutaku
8%
Shun Numa 13 février 2024 Super Psychic Policeman Chojo
8%
Taishi Tsutsui 18 novembre 2024 Syd Craft: Love Is a Mystery
8%
Shouichi Usui 24 juin 2024 Ultimate Exorcist Kiyoshi
8%
Aucun quiz correspondant
Distribution des résultats
% des personnes avec chaque résultat
Percentile par nombre de réponses
Votre historique - résultats
Vous n’avez pas pris ce quiz